000 00319nam a22001337a 4500
008 210303b ||||| |||| 00| 0 eng d
041 _aeng
080 _a336
082 _a336
100 _a56
101 _aFIN
245 _aTheThorndike Encyclopedia of Banking and Financial Tables
_cThorndike. D
942 _2udc
_cBK
999 _c55652
_d55652